00871nam a2200241 a 450000100060000000300080000600500170001400800410003102000590007202000590013103500190019004000270020904100080023608200250024424501480026926000410041730000340045850400660049265000110055865000130056970000230058270000240060565933BD-RjUL20211209081501.0170313s1990 nyua b 001 0 eng  a0387971769 (SpringerVerlag New York Berlin Heidelberg) a3540971769 (SpringerVerlag Berlin Heidelberg New York) a(BD-RjUL)66063 aDLCcDLCdBD-RjULbeng aeng00a591.47223bHOR 199000aHorns, pronghorns, and antlers :bevolution, morphology, physiology, and social significance /cGeorge A. Bubenik, Anthony B. Bubenik, editors. aNew York :bSpringer-Verlag,cc1990. axii, 562 p. :bill. ;c25 cm. aIncludes bibliographical references (p. 488-544) and indexes. 0aHorns. 0aAntlers.1 aBubenik, George A.1 aBubeník, Anton B.